Statistics for NBA One Team Players by Team

Click here to take the quiz!

General Stats

  • This quiz has been taken 25 times
  • The average score is 16 of 28

Answer Stats

Team Players % Correct
MavericksDirk Nowitzki | Roy Tarpley | Randy White
90%
JazzJohn Stockton | Mark Eaton | Darrell Griffith | Rudy Gobert | Joe Ingles | Aaron James
90%
WarriorsAl Attles | Stephen Curry | Paul Arizin | Joe Ellis | Joe Fulks | Draymond Green | Neil Johnston | George Senesky | Klay Thompson | Sonny Parker | Jerry Fleishman | Kevon Looney
90%
CelticsJohn Havlicek | Larry Bird | Kevin McHale | Bill Russell | Tom Sanders | Sam Jones | Tom Heinsohn | K.C. Jones | Jim Loscutoff | Frank Ramsey | Reggie Lewis | Marcus Smart | Greg Minor
90%
LakersKobe Bryant | Elgin Baylor | Jerry West | Magic Johnson | Michael Cooper | James Worthy | Vern Mikkelsen | Jim Krebs | George Mikan | Jim Pollard | Hot Rod Hundley | Whitey Skoog
90%
SpursTim Duncan | Manu Ginóbili | David Robinson | George Karl
86%
PacersReggie Miller | Jeff Foster | Rik Smits | Bill Keller | Steve Stipanovich | Myles Turner | Clark Kellogg
86%
WizardsWes Unseld | John Wall | Bradley Beal
86%
PistonsJoe Dumars | Isiah Thomas | Chuck Noble | Willie Jones
81%
HeatUdonis Haslem | Keith Askins
81%
Trail BlazersLarry Steele | Damian Lillard | CJ McCollum | Lloyd Neal | Arvydas Sabonis | Geoff Petrie
81%
BucksGiannis Antetokounmpo
81%
TimberwolvesNikola Peković | Karl-Anthony Towns
67%
CavaliersTristan Thompson | Brad Daugherty | Daniel Gibson
62%
KnicksBill Bradley | Willis Reed | Ernie Vandeweghe | Vince Boryla | Dave Budd
57%
ThunderNick Collison | Fred Brown | Nate McMillan | Steven Adams | Andre Roberson
52%
NuggetsByron Beck | Gary Harris | Julian Hammond | Nikola Jokić
52%
RocketsCalvin Murphy | Rudy Tomjanovich | Allen Leavell | Yao Ming | Ed Ratleff
52%
76ersHal Greer | Dolph Schayes | Al Bianchi | Doug Collins | Luke Jackson | Andrew Toney | Bill Gabor
48%
HawksBob Pettit | Chris Crawford | Gene Tormohlen
48%
SunsAlvan Adams | Alvin Scott | Devin Booker | Joel Kramer
33%
GrizzliesBryant Reeves
29%
RaptorsNorman Powell
24%
MagicAaron Gordon
24%
KingsJack Twyman | Bobby Wanzer | Bucky Bockhorn | Bob Davies | Lionel Simmons | Arnie Johnson
19%
HornetsCody Zeller
19%
BullsTom Boerwinkle | Cristiano Felício
10%
PelicansDarius Miller
5%

Score Distribution

Percentile by Number Answered

Percent of People with Each Score

Your Score History

You have not taken this quiz